Normal view
MARC view
- الجبالي,حمزه تأليف
Entry Personal Name
001 - CONTROL NUMBER
- control field: 20390
003 - CONTROL NUMBER IDENTIFIER
- control field: JO-AjAnu
005 - DATE AND TIME OF LATEST TRANSACTION
- control field: 20230606073540.0
008 - FIXED-LENGTH DATA ELEMENTS
- fixed length control field: 230606|| aca||aabn | a|a d
040 ## - CATALOGING SOURCE
- Original cataloging agency: JO-AjAnu
- Transcribing agency: JO-AjAnu
100 ## - HEADING--PERSONAL NAME
- Personal name: الجبالي,حمزه تأليف
670 ## - SOURCE DATA FOUND
- Source citation: Work cat.: (JO-AjAnu)10471: الجبالي,حمزه تأليف, author, تعلم اللغة الفرنسية: اللغة الفرنسية وقواعدها بدون معلم